000 00316nam a22001337a 4500
008 170815b xxu||||| |||| 00| 0 eng d
020 _a9780072532944
041 _aeng
080 _26 ED
_a51
100 _a36
101 _aMAT
245 _aMATHEMATICS FOR ELEMENTARY TEACHERS
_cBENNET.A.B
942 _2udc
_cBK
999 _c23549
_d23549